| 000 | 00764nam a22002297a 4500 | ||
|---|---|---|---|
| 005 | 20170124110154.0 | ||
| 010 | _aB-167449 | ||
| 020 |
_c900.00 _a8180692159 |
||
| 035 | _aB-167449 | ||
| 037 | _bCen Lib/Ret | ||
| 040 |
_aDPL _bEN |
||
| 082 |
_a658.477 _bTAO |
||
| 100 |
_aTaori, Kamal _934559 |
||
| 245 |
_aDisaster management through panchayati raj / _cby Kamal Taori |
||
| 260 |
_aNew Delhi _bConcept Publishing Company _c2005 |
||
| 270 |
_aA/15-16, Commercial Block, Mohan Garden _bNew Delhi _e110059 |
||
| 300 |
_a542p. _c22cm(Hb) |
||
| 500 | _aIncludes bibliographical references and index | ||
| 650 |
_aDecentralization in government _934560 |
||
| 650 |
_aEmergency management -- Planning _934561 |
||
| 942 |
_2ddc _cEN _h658.477 _mTAO |
||
| 999 |
_c132387 _d132387 |
||